00437nam a2200169 a 45000010005000000030009000050080041000140400028000550820019000831000023001022450044001252500007001692600035001763000009002116500026002206500021002466272CO-ViMGA141112s2004 ck r 000 u spa d aCO-ViMGAbspacCO-ViMGA04aA861.44 B673le1 aBorges, Jorge Luis10aLuna de enfrente. Cuaderno san martín a3a aBuenos Aires : bEmece, c1995 a97 p14aCuaderno San Martín14aPOESIA ARGENTINA